Ensayos sobre el porvenir de la humanidad

Αποθηκεύτηκε σε:
Λεπτομέρειες βιβλιογραφικής εγγραφής
Κύριος συγγραφέας: Barrio, Inocencio (Συγγραφέας)
Μορφή: Βιβλίο
Γλώσσα:Ισπανικά
Έκδοση: Buenos Aires Gráfica Argentina 1964
Θέματα:
Ετικέτες: Προσθήκη ετικέτας
Δεν υπάρχουν, Καταχωρήστε ετικέτα πρώτοι!

MARC

LEADER 00000nam a2200000 a 4500
001 UCS2210
003 CL-VaPUC
008 970523e19640000AG |||||||||||||||||spa|d
082 0 4 |a 320.011  |b BAR  |2 21 
100 0 |a Barrio, Inocencio  |e author  |9 387344 
245 1 0 |a Ensayos sobre el porvenir de la humanidad 
300 |a 43 p 
942 |c BK 
945 |d 19970523 00:00:00  |a paguirre 
260 |a Buenos Aires  |b Gráfica Argentina  |c 1964 
650 0 |a Ciencias Políticas  |9 255201 
650 7 |a TEORIA POLITICA  |2 CL-VaPUC  |9 387345 
650 7 |a SISTEMAS POLITICOS  |2 CL-VaPUC  |9 387346 
650 7 |a FILOSOFIA POLITICA  |2 CL-VaPUC  |9 387347 
650 0 |a Verdad  |9 313815 
583 |a last modification  |c 19970523 00:00:00  |k Rodrigo Vera 
999 |c 260188  |d 260186 
952 |0 0  |1 0  |2 ddc  |4 0  |6 320_011000000000000_BAR_1964  |7 0  |8 A  |9 286081  |a BIBDER  |b BIBDER  |d 2019-11-19  |i 1859587  |o 320.011 BAR 1964  |p 1859587  |r 2023-01-25  |w 2019-11-19  |y MX  |k DER 
952 |0 0  |1 0  |2 ddc  |4 0  |6 320_011000000000000_BAR_1964  |7 0  |8 A  |9 286082  |a BIBDER  |b BIBDER  |d 2019-11-19  |i 1859595  |o 320.011 BAR 1964  |p 1859595  |r 2023-01-25  |w 2019-11-19  |y MX  |k DER